=LDR 00000nam 2200000 4500 =001 NUTBA000000000004595 =005 20140917121926.0 =006 =007 =008 =020 ##$$a 602-8520-23-3 =035 ##$$a 0010-091400000000628 =040 ##$$a Ind =082 ##$$a 516.152 =090 ##$$a 516.152$bFac b =100 ##$$aFachri =245 ##$$a Bangunan ruang bidang lengkukng$bCurve sector space structure$cFachri =250 ##$$a Cet.2 =260 ##$$a Jakarta timur$bGhina walafafa$c2011. =300 ##$$a Vii,75 HLm$bIlus$c25 cm. =850 ##$$a NBPNMAT =990 ##$$a 21406058 =990 ##$$a 0001/BPAP-NTB/20142014 =990 ##$$a 0001/BPAP-NTB/20142014